Sacramento del amor (Record no. 61313)

MARC details
000 -LEADER
campo de control de longitud fija 00662nam a2200193 i 4500
001 - NÚMERO DE CONTROL
campo de control 61313
003 - IDENTIFICADOR DE NÚMERO DE CONTROL
campo de control ES-MaACL
005 - FECHA Y HORA DE LA ÚLTIMA TRANSACCIÓN
campo de control 20230906164428.0
007 - CAMPO FIJO DE DESCRIPCIÓN FÍSICA--INFORMACIÓN GENERAL
campo de control de longitud fija t|
008 - DATOS DE LONGITUD FIJA--INFORMACIÓN GENERAL
campo de control de longitud fija 031111s1966 sp ||||1| spa d
100 1# - ENTRADA PRINCIPAL--NOMBRE DE PERSONA
Nombre de persona Evdokimov, Paul.
9 (RLIN) 48382
245 10 - MENCIÓN DEL TÍTULO
Título Sacramento del amor
Resto del título : el misterio conyugal a la luz de la tradición ortodoxa /
Mención de responsabilidad, etc. Paul Evdokimov ; [traductor Manuel Anglada Ferrán].
250 ## - MENCION DE EDICION
Mención de edición [1ª ed.].
260 ## - PUBLICACIÓN, DISTRIBUCIÓN, ETC.
Lugar de publicación, distribución, etc. [Barcelona] :
Nombre del editor, distribuidor, etc. Ariel,
Fecha de publicación, distribución, etc. [1966]
300 ## - DESCRIPCIÓN FÍSICA
Extensión 284 p. ;
Dimensiones 19 cm.
650 #4 - PUNTO DE ACCESO ADICIONAL DE MATERIA--TÉRMINO DE MATERIA
Término de materia o nombre geográfico como elemento de entrada Matrimonio-
Subdivisión general Aspectos religiosos-
-- Iglesia Ortodoxa.
9 (RLIN) 167453
700 1# - ENTRADA AGREGADA--NOMBRE PERSONAL
Nombre de persona Anglada Ferrán, Manuel.
9 (RLIN) 21738
852 ## - LOCALIZACIÓN
Ubicación ES-MaACL
Número de control de estantería C-31036
Sublocalización o colección R.61552
Holdings
Estatus retirado Estado de pérdida Estado de daño No para préstamo Biblioteca de origen Biblioteca actual Ubicación en estantería Fecha de adquisición Fuente de adquisición Total de préstamos Signatura topográfica completa Código de barras Visto por última vez Precio de reemplazo Tipo de ítem Koha
        Biblioteca del Ateneo de Madrid Biblioteca del Ateneo de Madrid Depósito 2 17/01/2008     C-31036 1064295 23/02/2023 23/02/2023 Libro impreso